Formación en valores: propuesta pedagógica para educacióncívica y ética (Registro nro. 8312)
[ vista simple ]
| 000 -Cabecera | |
|---|---|
| Campo de control de longitud fija | 00900ntm a2200337 i 4500 |
| 005 - Fecha y hora de la última transacción | |
| Campo de control | 20230928194148.0 |
| 008 - Elementos de longitud fija--Información general | |
| Campo de control de longitud fija | 160627b2013 xxu||||| |||| 00| 0 spa d |
| 020 ## - International Standard Book Number | |
| Número Internacional Estándar del Libro (ISBN) | 9788449448164 |
| 041 ## - Idioma | |
| Código de idioma | Español |
| 082 ## - Clasificación Decimal Dewey | |
| Número de clasificación | 303.372 V199v |
| 245 ## - Título propiamente dicho | |
| Título | Formación en valores: propuesta pedagógica para educacióncívica y ética |
| 260 ## - Pie de imprenta | |
| Lugar de publicación, distribución, etc. | España |
| Nombre del editor, distribuidor, etc. | Océano |
| Fecha de publicación, distribución, etc. | 2013 |
| 300 ## - Descripción física | |
| Extensión | 420 páginas |
| 505 ## - Nota de contenido | |
| Nota de contenido | Contiene disco compacto N 761 |
| 650 ## - Materia general | |
| Temática (materia general) | VALORES |
| 650 ## - Materia general | |
| Temática (materia general) | ASERTIVIDAD |
| 650 ## - Materia general | |
| Temática (materia general) | AUTOESTIMA |
| 650 ## - Materia general | |
| Temática (materia general) | CALIDAD |
| 650 ## - Materia general | |
| Temática (materia general) | COLABORACIÓN |
| 650 ## - Materia general | |
| Temática (materia general) | COMUNICACIÓN |
| 650 ## - Materia general | |
| Temática (materia general) | DIÁLOGO |
| 650 ## - Materia general | |
| Temática (materia general) | EMPATÍA |
| 650 ## - Materia general | |
| Temática (materia general) | FAMILIA |
| 650 ## - Materia general | |
| Temática (materia general) | LIBERTAD |
| 650 ## - Materia general | |
| Temática (materia general) | LIDERAZGO |
| 650 ## - Materia general | |
| Temática (materia general) | PAZ |
| 650 ## - Materia general | |
| Temática (materia general) | TOLERANCIA |
| 650 ## - Materia general | |
| Temática (materia general) | URBANIDAD |
| 650 ## - Materia general | |
| Temática (materia general) | DINÁMICAS DE GRUPOS |
| 942 ## - Punto de acceso adicional KOHA | |
| Tipo de ítem KOHA | Libro |
| Fuente del sistema de clasificación o colocación | Dewey Decimal Classification |
| Signatura completa | Código de barras | Tipo de ítem |
|---|---|---|
| 303.372 V199v | 21341 | Libro |
| 761 DC | 761DC | Disco Compacto |